Statistiques concernant Pays en A - 30 secondes Sprint

Cliquez ici pour prendre le quiz!

Statistiques générales

  • Ce quiz a été pris 242 fois
  • Le résultat moyen est 6 sur 13

Statistiques - réponses

HintRéponse% Correct
EuropeAlbanie
70%
EuropeAllemagne
67%
AsieArménie
52%
AfriqueAngola
51%
AfriqueAlgérie
49%
OcéanieAustralie
49%
EuropeAndorre
48%
EuropeAutriche
46%
AsieAfghanistan
44%
Amérique Du SudArgentine
43%
AsieAzerbaïdjan
40%
AfriqueAfrique du Sud
36%
AsieArabie Saoudite
23%

Distribution des résultats

Percentile par nombre de réponses

% des personnes avec chaque résultat

Votre développement - résultats

Vous n’avez pas pris ce quiz